Southville International School and Colleges
Your cart is empty.
  • Cart
  • Lists
    Public lists Eva Luna New books Lux_list list_1
    Your lists Log in to create your own lists
  • Log in to your account
  • Your cookies
  • Search history
Southville International School and Colleges
  • Advanced search
  • Recent comments
  • Most popular
  • Libraries

Log in to your account

Log in with GOOGLE


If you do not have an external account, but do have a local account, you can still log in:

  1. Home
  2. MARC view: To be a slave /
Normal view MARC view ISBD view

To be a slave / (Record no. 34919)

[ view plain ]
MARC details
000 -LEADER
fixed length control field 01178pam a2200361 a 4500
001 - CONTROL NUMBER
control field 4504924
003 - CONTROL NUMBER IDENTIFIER
control field Ost
005 - DATE AND TIME OF LATEST TRANSACTION
control field 20140310184513.0
008 - FIXED-LENGTH DATA ELEMENTS--GENERAL INFORMATION
fixed length control field 980120s1998 nyua j b 000 0deng
010 ## - LIBRARY OF CONGRESS CONTROL NUMBER
LC control number 98005213
020 ## - INTERNATIONAL STANDARD BOOK NUMBER
International Standard Book Number 9780590424608
020 ## - INTERNATIONAL STANDARD BOOK NUMBER
International Standard Book Number 0590424602
040 ## - CATALOGING SOURCE
Original cataloging agency DLC
Transcribing agency DLC
Modifying agency DLC
042 ## - AUTHENTICATION CODE
Authentication code lcac
043 ## - GEOGRAPHIC AREA CODE
Geographic area code n-us---
050 00 - LIBRARY OF CONGRESS CALL NUMBER
Classification number E 444
Item number .L47 1968
100 1# - MAIN ENTRY--PERSONAL NAME
Personal name Lester, Julius.
9 (RLIN) 12247
245 10 - TITLE STATEMENT
Title To be a slave /
Statement of responsibility, etc Julius Lester ; illustrated by Tom Feelings.
260 ## - PUBLICATION, DISTRIBUTION, ETC. (IMPRINT)
Place of publication, distribution, etc New York :
Name of publisher, distributor, etc Scholastic Inc.,
Date of publication, distribution, etc 1968.
300 ## - PHYSICAL DESCRIPTION
Extent 160 p. :
Other physical details ill. ;
Dimensions 17 cm.
521 ## - TARGET AUDIENCE NOTE
Target audience note
526 ## - STUDY PROGRAM INFORMATION NOTE
Reading level 1080
650 #0 - SUBJECT ADDED ENTRY--TOPICAL TERM
Topical term or geographic name as entry element Slaves
Geographic subdivision United States
General subdivision Quotations.
9 (RLIN) 29304
650 #0 - SUBJECT ADDED ENTRY--TOPICAL TERM
Topical term or geographic name as entry element Slaves
Geographic subdivision United States
General subdivision Social conditions.
9 (RLIN) 29305
650 #0 - SUBJECT ADDED ENTRY--TOPICAL TERM
Topical term or geographic name as entry element Slaves
Geographic subdivision United States
General subdivision Biography.
9 (RLIN) 29306
650 #1 - SUBJECT ADDED ENTRY--TOPICAL TERM
Topical term or geographic name as entry element Slaves.
9 (RLIN) 12251
650 #1 - SUBJECT ADDED ENTRY--TOPICAL TERM
Topical term or geographic name as entry element Slave trade.
9 (RLIN) 12252
906 ## - LOCAL DATA ELEMENT F, LDF (RLIN)
a 7
b cbc
c orignew
d 1
e ocip
f 19
g y-gencatlg
942 ## - ADDED ENTRY ELEMENTS (KOHA)
Source of classification or shelving scheme Library of Congress Classification
Koha item type
Holdings
Withdrawn status Lost status Source of classification or shelving scheme Damaged status Home library Current library Shelving location Date acquired Total Checkouts Full call number Barcode Date last seen Copy number Price effective from Koha item type
    Library of Congress Classification   Luxembourg Library Luxembourg Library Scholastic Reading Center Section 10/16/2013   E 444 .L47 1968 SCHO0148 04/18/2017 1 10/16/2013 Books
    Library of Congress Classification   Luxembourg Library Luxembourg Library Scholastic Reading Center Section 10/16/2013   E 444 .L47 1968 SCHO0096 04/18/2017 2 10/16/2013 Books
    Library of Congress Classification   Luxembourg Library Luxembourg Library Scholastic Reading Center Section 11/12/2013   E 444 .L47 1968 LEX0307 11/12/2013 3 11/12/2013 Books

To be a slave /

APA

Lester J., . (1968). To be a slave. New York: Scholastic Inc.

Chicago

Lester Julius, . 1968. To be a slave. New York: Scholastic Inc.

Harvard

Lester J., . (1968). To be a slave. New York: Scholastic Inc.

MLA

Lester Julius, . To be a slave. New York: Scholastic Inc. 1968.

  • Place hold
  • Print
  • Cite
  • Add to your cart (remove)
  • Save record
    BIBTEX Dublin Core MARCXML MARC (non-Unicode/MARC-8) MARC (Unicode/UTF-8) MARC (Unicode/UTF-8, Standard) MODS (XML) RIS
  • More searches
    Search for this title in:
    Other Libraries (WorldCat) Other Databases (Google Scholar) Online Stores (Bookfinder.com) Open Library (openlibrary.org)

Exporting to Dublin Core...

SOUTHVILLE LIBRARY

Southville International School and Colleges Library

1281 Tropical Ave. Cor. Luxembourg St., BF Homes International, Las Pinas City

Tel. No. 8256374 / 252358 Loc. 117/146

Powered by Koha